Proceedings of the 8th ACM/Eurographics Expressive Symposium on Computational Aesthetics and Sketch Based Interfaces and Modeling and Non-Photorealistic Animation and Rendering

Bibliographic Details
Main Author: Fellner
Format: Electronic Book
Language:English
Published: Association for Computing Machinery (ACM), 1/1/19
Subjects:
Online Access:Full text available on Research4Life (ACM)
Classic Catalogue: View this record in Classic Catalogue
LEADER 00940cam a2200169 a 4500
001 AALConferenceProceedingsResearch4Life(ACM)000621
008 240908c9999 xx r poo 0 0eng d
040 |a BD-DhAAL  |c BD-DhAAL 
100 0 |a Fellner 
245 0 0 |h [electronic resource]  |a Proceedings of the 8th ACM/Eurographics Expressive Symposium on Computational Aesthetics and Sketch Based Interfaces and Modeling and Non-Photorealistic Animation and Rendering 
260 1 |b Association for Computing Machinery (ACM),  |c 1/1/19 
300 |a 1 online resource 
500 |a <strong>On-Campus Access Only (IP based access)</strong> 
506 |a Electronic access restricted to authorized BRAC University faculty, staff and students 
538 |a Mode of access: Internet 
655 7 |a Conference papers and proceedings.  |2 Library of Congress 
856 4 0 |z Full text available on Research4Life (ACM)  |u https://login.research4life.org/tacsgr1dl_acm_org/doi/book/10.5555/3373648